| 000 | 01221nam a22002897a 4500 | ||
|---|---|---|---|
| 005 | 20170517142826.0 | ||
| 010 | _a1516EN07 ENG-114801 | ||
| 020 |
_a9780143424840 _c399.00 |
||
| 035 | _aEN-98333 | ||
| 035 | _aB-600355-371 | ||
| 035 | _aB-669784 | ||
| 037 |
_adpl _bPragati/Ven |
||
| 037 | _bDBAD/PUB | ||
| 082 | _a327.2092 | ||
| 100 | _aMehta, Jagat S. | ||
| 245 |
_aThe tryst betrayed : _cby Jagat S. lllllMehta _breflections on diplomacy and development / |
||
| 260 |
_bPenguin Books _c2015 _aGurgaon |
||
| 270 |
_a7th Floor, Infinity Tower C, DLF Cyber City _bGurgaon _e122002 |
||
| 300 |
_axi,342p., [8] p. of plates : _c22cm(pbk) _bill |
||
| 500 | _aincludes index | ||
| 520 | _a Memoirs of the author, former Indian foreign secretary. | ||
| 600 | _aMehta, Jagat S. | ||
| 650 |
_a Diplomats _zIndia _vBiography. |
||
| 942 |
_2ddc _cEN _mMEH _h327.2092 |
||
| 999 |
_c95895 _d95895 |
||